Le monde grec et l'orient. (Record no. 141318)

MARC details
000 -LEADER
campo de control de longitud fija 00603nam a2200193 i 4500
001 - NÚMERO DE CONTROL
campo de control 141318
003 - IDENTIFICADOR DE NÚMERO DE CONTROL
campo de control ES-MaACL
007 - CAMPO FIJO DE DESCRIPCIÓN FÍSICA--INFORMACIÓN GENERAL
campo de control de longitud fija t|
008 - DATOS DE LONGITUD FIJA--INFORMACIÓN GENERAL
campo de control de longitud fija 070921s1972 fr ||||1| fre d
100 1# - ENTRADA PRINCIPAL--NOMBRE DE PERSONA
Nombre de persona Will, Edouard.
9 (RLIN) 116874
245 13 - MENCIÓN DEL TÍTULO
Título Le monde grec et l'orient.
Número de parte o sección de la obra , . T. I,
Nombre de parte o sección de la obra Le Ve siècle (510-403) /
Mención de responsabilidad, etc. par Edouard Will.
250 ## - MENCION DE EDICION
Mención de edición 1er éd.
260 ## - PUBLICACIÓN, DISTRIBUCIÓN, ETC.
Lugar de publicación, distribución, etc. Paris :
Nombre del editor, distribuidor, etc. Presse Universitaires de France,
Fecha de publicación, distribución, etc. 1972.
300 ## - DESCRIPCIÓN FÍSICA
Extensión 715 p. ;
Dimensiones 22 cm.
490 1# - MENCIÓN DE SERIE
Mención de serie Peuples et civilisations ;
Designación de volumen o secuencia 2
830 0# - PUNTO DE ACCESO ADICIONAL DE SERIE-TÍTULO UNIFORME
Título uniforme Peuples et civilisations ;
Designación de volumen o secuencia 2
9 (RLIN) 183588
852 ## - LOCALIZACIÓN
Ubicación ES-MaACL
Número de control de estantería E-5628
Sublocalización o colección R.89859
Holdings
Estatus retirado Estado de pérdida Estado de daño No para préstamo Biblioteca de origen Biblioteca actual Ubicación en estantería Fecha de adquisición Fuente de adquisición Total de préstamos Signatura topográfica completa Código de barras Visto por última vez Precio de reemplazo Tipo de ítem Koha
        Biblioteca del Ateneo de Madrid Biblioteca del Ateneo de Madrid Depósito 2 17/01/2008     E-5628 1147044 23/02/2023 23/02/2023 Libro impreso